000 004830000a22001690004500
003 MACL
005 20151218140243.0
008 151218b xxu||||| |||| 00| 0 eng d
040 _aMACL
_cMACL
041 _aEnglish
082 _a050/BUN
100 _aEliot, Charles W
_921145
245 _aEssays Civil and Moral and The New Atlantis By Francis Bacon
_bHarvard Classics Vol 3
260 _bP F Collier & Son
_c1956
650 _aSerial Publication
_9330
942 _cBK
_k050/BUN
_2ddc
999 _c40599
_d40599